000 002620000a22000970004500
100 1 _aWright, David F.
245 1 0 _a"Fundamentalism" under fire
300 _aVol. 9, Num. 1 (1991), Páginas 1-3
773 0 _tScottish Bulletin of Evangelical Theology
942 _cANA
999 _c55681
_d55681